Visualizzazione normale
Vista MARC
- Monteleone Antonio
di Personal Name
Records bibliografici associati: 4
001 - CONTROL NUMBER
- control field: 60694
003 - CONTROL NUMBER IDENTIFIER
- control field:
005 - DATE AND TIME OF LATEST TRANSACTION
- control field: 20240430111905.0
008 - FIXED-LENGTH DATA ELEMENTS
- fixed length control field: 240430|| aca||aabn | a|a d
040 ## - CATALOGING SOURCE
- Original cataloging agency:
- Transcribing agency:
100 ## - HEADING--PERSONAL NAME
- Personal name: Monteleone Antonio
670 ## - SOURCE DATA FOUND
- Source citation: Work cat.: ()360062: Monteleone Antonio, Quale futuro per gli anziani non autosufficienti, 2024